| 000 | 00931nam a22002297a 4500 | ||
|---|---|---|---|
| 999 |
_c15932 _d15932 |
||
| 003 | AR-CdUCM | ||
| 008 | 190430b ||||| |||| 00| 0 spa d | ||
| 020 | _a958-04-0269-8 | ||
| 040 |
_aMUNICIPALIDAD PROVINCIAL DEL CUSCO _cBIBLIOTECA MUNICIPAL DEL CUSCO |
||
| 082 |
_aEP / 800 / _bK79 |
||
| 100 |
_aKrafft, Katia _935175 |
||
| 245 |
_aEl mundo maravilloso de lo volcanes : _brespuesta a los "¿por qué?" de los niños / |
||
| 260 |
_aColombia : _bNorma, _c1986. |
||
| 300 |
_a58 paginas ; _bIlustraciones _c21 cm. |
||
| 505 | _aContenido : ¿que es un volcán? -- ¿Que es la lava? -- ¿Que es una erupción? -- Si a una persona le caen pedazos de lava encima ¿la matan? -- ¿Se puede detener una corriente de lava?... | ||
| 650 |
_aVolcan _925644 |
||
| 650 |
_aNube piroplastica _935176 |
||
| 650 |
_aLava _935177 |
||
| 700 |
_aCaballero, Beatriz (Traducción) _935163 |
||
| 942 |
_2ddc _cLIBROS |
||
| 945 |
_awnts _d2019-04-30 |
||